[Event "Paracin Amateur op"]
[Site "Paracin"]
[Date "2020.02.01"]
[Round "3"]
[White "Tomic, Mikailo"]
[Black "Radosavljevic, Slobodan D"]
[Result "0-1"]
[WhiteElo "1644"]
[BlackElo "2165"]
[PlyCount "96"]
[EventDate "2020.01.31"]
[EventType "swiss"]
[EventRounds "9"]
[EventCountry "SRB"]
[SourceTitle "CBM 194 Extra"]
[Source "ChessBase"]
[SourceDate "2020.03.31"]
[SourceVersion "1"]
[SourceVersionDate "2020.03.31"]
[SourceQuality "1"]

1. Nf3 Nf6 2. d4 c5 3. c3 d5 4. Bf4 Nc6 5. e3 Nh5 6. Bg3 Qb6 7. b3 cxd4 8. exd4 g6 9. Be2 Bg7 10. 0-0 0-0 11. Re1 Nxg3 12. hxg3 Rd8 13. Nbd2 e5 14. dxe5 Nxe5 15. Nd4 h5 16. N2f3 Nc6 17. Qd2 Bg4 18. Nxc6 bxc6 19. Nd4 c5 20. Nc2 Bxe2 21. Rxe2 Qf6 22. Rae1 Qxc3 23. Qf4 Qf6 24. Qc7 d4 25. Re4 Qb6 26. Re7 d3 27. Ne3 Bc3 28. Rd1 Ba5 29. Qxb6 axb6 30. Nc4 b5 31. Nxa5 Rxa5 32. Rd2 c4 33. Rc7 Rd4 34. f4 Ra3 35. Kf2 cxb3 36. axb3 Rxb3 37. Ke3 Rc4 38. Rd7 Rc2 39. R7xd3 Rxd3+ 40. Rxd3 Rxg2 41. Kf3 Rc2 42. Rb3 Rc5 43. g4 hxg4+ 44. Kxg4 Kg7 45. Rb4 Kf6 46. Rd4 Ke6 47. Re4+ Kd6 48. Kf3 Rc3+ 0-1